[Event "Altenkirchen Seniors op 19th"]
[Site "Altenkirchen"]
[Date "2022.07.20"]
[Round "2"]
[White "Juhnke, Juergen"]
[Black "Paashaus, Detlef"]
[Result "1/2-1/2"]
[WhiteElo "2240"]
[BlackElo "1964"]
[PlyCount "67"]
[EventDate "2022.07.19"]
[EventType "swiss"]
[EventRounds "9"]
[EventCountry "GER"]
[SourceTitle "CBM 209 Extra"]
[Source "ChessBase"]
[SourceDate "2022.09.30"]
[SourceVersion "1"]
[SourceVersionDate "2022.09.30"]
[SourceQuality "1"]

1. e4 c6 2. d4 d5 3. e5 Bf5 4. h4 h5 5. Bd3 Bxd3 6. Qxd3 e6 7. Bg5 Be7 8. Nf3 Nd7 9. Nc3 Nh6 10. Ne2 Nf5 11. Ng3 Bxg5 12. Nxg5 Nxh4 13. Qd2 Nf5 14. Nxf5 exf5 15. Qf4 Qe7 16. 0-0-0 0-0-0 17. Rde1 Nf8 18. Qxf5+ Ne6 19. f4 Rdf8 20. Nf3 g6 21. Qh3 Kb8 22. f5 gxf5 23. Qxf5 Rfg8 24. Rh2 Ng5 25. Nd2 Qe6 26. Rf1 Rg7 27. c3 Qg6 28. Rh4 Qxf5 29. Rxf5 Ne6 30. Nf3 Rhh7 31. Rh2 Kc8 32. Kd2 Kd7 33. Ke3 Rg4 34. Rhxh5 1/2-1/2

[Event "Niedersachsen-ch Seniors"]
[Site "Lehrte"]
[Date "2019.07.26"]
[Round "7"]
[White "Backert, Gerhard"]
[Black "Juhnke, Juergen"]
[Result "1/2-1/2"]
[WhiteElo "1720"]
[BlackElo "2136"]
[PlyCount "82"]
[EventDate "2019.07.20"]
[EventType "swiss"]
[EventRounds "7"]
[EventCountry "GER"]
[SourceTitle "EXT 2023"]
[Source "ChessBase"]
[SourceDate "2022.10.05"]
[SourceVersion "1"]
[SourceVersionDate "2022.10.05"]
[SourceQuality "1"]

1. f4 d6 2. Nf3 Bg4 3. e3 Nd7 4. Be2 c6 5. b3 g6 6. Bb2 Ngf6 7. Nd4 Bxe2 8. Qxe2 Bg7 9. Nf3 0-0 10. 0-0 Qc7 11. d3 e5 12. fxe5 dxe5 13. e4 Nh5 14. Nbd2 Nf4 15. Qe3 Bh6 16. Kh1 Kg7 17. Nxe5 Nxe5 18. Rxf4 f6 19. Raf1 Qe7 20. Qg3 Bxf4 21. Qxf4 c5 22. Nc4 Rae8 23. a4 Nxc4 24. bxc4 h6 25. g4 g5 26. Qf2 b6 27. h4 Qe6 28. hxg5 hxg5 29. Qf3 Rh8+ 30. Kg2 Rd8 31. Rh1 Rxh1 32. Kxh1 Rh8+ 33. Kg2 Qd6 34. e5 fxe5 35. Qf5 Re8 36. Qxg5+ Qg6 37. Bxe5+ Kh7 38. Qh4+ Kg8 39. Bf4 Re2+ 40. Kf3 Rxc2 41. Qd8+ Kh7 1/2-1/2

[Event "GER-ch Seniors 65 31st"]
[Site "Radebeul"]
[Date "2019.05.01"]
[Round "6"]
[White "Juhnke, Juergen"]
[Black "Khanukov, Boris"]
[Result "1-0"]
[WhiteElo "2230"]
[BlackElo "2250"]
[PlyCount "177"]
[EventDate "2019.04.26"]
[EventType "swiss"]
[EventRounds "9"]
[EventCountry "GER"]
[SourceTitle "CBM 190 Extra"]
[Source "ChessBase"]
[SourceDate "2019.07.15"]
[SourceVersion "1"]
[SourceVersionDate "2019.07.15"]
[SourceQuality "1"]

1. e4 g6 2. d4 Bg7 3. Nc3 c6 4. Bc4 d6 5. Qf3 e6 6. Nge2 d5 7. Bb3 h6 8. Bf4 Nf6 9. e5 Ng8 10. Nd1 Na6 11. Ne3 Bd7 12. c4 Ne7 13. 0-0 g5 14. Bg3 h5 15. h3 Ng6 16. cxd5 cxd5 17. Nxd5 Bc6 18. Nf6+ Bxf6 19. Qxf6 Qxf6 20. exf6 Nb4 21. Nc3 Rd8 22. Rad1 Nf4 23. Bxf4 gxf4 24. Rfe1 Kf8 25. a3 Nd5 26. Bxd5 exd5 27. Re5 Rh6 28. Rf5 Rd6 29. Rxf4 Rhxf6 30. Rxf6 Rxf6 31. g3 a5 32. Re1 h4 33. g4 Rf4 34. Rd1 b5 35. Kg2 Ke7 36. f3 Kd6 37. b4 a4 38. Kf2 Bd7 39. Ne2 Rf6 40. Rc1 Rh6 41. Rc5 f5 42. Nc3 fxg4 43. Rxd5+ Kc6 44. Rc5+ Kb7 45. fxg4 Rf6+ 46. Ke3 Rf1 47. Ne4 Rh1 48. Ng5 Rg1 49. Ne4 Rh1 50. Nf2 Rg1 51. Rc3 Rg3+ 52. Kd2 Bc6 53. Re3 Rg2 54. Ke2 Rg1 55. Ne4 Rg2+ 56. Kf3 Rd2 57. Kf4 Rxd4 58. Ke5 Rd5+ 59. Kf6 Rd4 60. Nc5+ Kc8 61. Kg5 Rd1 62. Kxh4 Ra1 63. Rd3 Be8 64. Kg5 Bf7 65. Kf6 Rf1+ 66. Ke7 Bc4 67. Rc3 Kc7 68. Nxa4 Kc6 69. Nb2 Kd5 70. Nxc4 bxc4 71. g5 Kd4 72. Rg3 c3 73. Rxc3 Kxc3 74. g6 Re1+ 75. Kf6 Rf1+ 76. Ke7 Re1+ 77. Kf7 Rf1+ 78. Kg8 Kd4 79. g7 Rh1 80. Kf7 Rf1+ 81. Kg6 Rg1+ 82. Kh7 Rh1 83. g8Q Rxh3+ 84. Kg7 Rxa3 85. Qc8 Rg3+ 86. Kf6 Rf3+ 87. Ke6 Re3+ 88. Kd6 Re5 89. Qc5+ 1-0

[Event "Berlin Lichtenrade op 14th"]
[Site "Berlin"]
[Date "2018.11.04"]
[Round "9"]
[White "Juhnke, Juergen"]
[Black "Krefenstein, Sergej"]
[Result "1-0"]
[WhiteElo "2228"]
[BlackElo "2116"]
[PlyCount "79"]
[EventDate "2018.10.27"]
[EventType "swiss"]
[EventRounds "9"]
[EventCountry "GER"]
[SourceTitle "CBM 187 Extra"]
[Source "ChessBase"]
[SourceDate "2018.11.04"]
[SourceVersion "1"]
[SourceVersionDate "2018.11.04"]
[SourceQuality "1"]

1. e4 c6 2. d4 d5 3. e5 Bf5 4. h4 h6 5. g4 Bh7 6. e6 fxe6 7. Bd3 e5 8. dxe5 Qc7 9. f4 Bxd3 10. Qxd3 e6 11. Nf3 Na6 12. Nd4 Nc5 13. Qe3 Qd7 14. h5 Ne4 15. Nd2 0-0-0 16. N4b3 Nxd2 17. Bxd2 d4 18. Qe4 Qd5 19. Qxd5 Rxd5 20. 0-0-0 b6 21. c4 dxc3 22. Bxc3 Ne7 23. Nd4 Kd7 24. f5 exf5 25. gxf5 Rg8 26. Rhg1 Ke8 27. f6 gxf6 28. exf6 Rxg1 29. Rxg1 Nc8 30. Nxc6 Rxh5 31. Re1+ Kd7 32. Ne5+ Ke6 33. Ng6+ Kf7 34. Nh8+ Kg8 35. f7+ Kh7 36. Re8 Ne7 37. Rxf8 Ng6 38. Rg8 Rf5 39. Rg7+ Kxh8 40. Rxg6+ 1-0

[Event "GER-ch Seniors 65"]
[Site "Hamburg"]
[Date "2018.07.27"]
[Round "7"]
[White "Herbrechtsmeier, Christof"]
[Black "Juhnke, Juergen"]
[Result "1/2-1/2"]
[WhiteElo "2268"]
[BlackElo "2217"]
[PlyCount "90"]
[EventDate "2018.07.21"]
[EventType "swiss"]
[EventRounds "9"]
[EventCountry "GER"]
[SourceTitle "CBM 186 Extra"]
[Source "ChessBase"]
[SourceDate "2018.08.24"]
[SourceVersion "1"]
[SourceVersionDate "2018.08.24"]
[SourceQuality "1"]

1. e4 c5 2. Nf3 d6 3. d4 cxd4 4. Nxd4 Nf6 5. Nc3 a6 6. Bg5 e6 7. f4 h6 8. Bh4 Be7 9. Qf3 Qc7 10. 0-0-0 Nbd7 11. Be2 0-0 12. Qg3 Nc5 13. Bf3 e5 14. fxe5 dxe5 15. Nf5 Bxf5 16. exf5 Rac8 17. Rd2 Qa5 18. Re1 e4 19. Bd1 b5 20. a3 Na4 21. Nxa4 bxa4 22. c3 Qxf5 23. Bxf6 Bxf6 24. Bg4 Qb5 25. Bxc8 Rxc8 26. Rc2 Qb3 27. Kb1 Rc4 28. Re3 Bg5 29. Re1 Qb5 30. Qg4 f5 31. Qe2 f4 32. Rd1 Bf6 33. Qd2 g5 34. h3 e3 35. Qd5+ Kg7 36. Qe6 Rc7 37. Rd6 Rf7 38. c4 Qc5 39. h4 Qe5 40. Qxe5 Bxe5 41. Re6 Bc7 42. h5 Rf6 43. Re7+ Rf7 44. Re6 Rf6 45. Re7+ Rf7 1/2-1/2

[Event "GER-ch Seniors 65"]
[Site "Hamburg"]
[Date "2018.07.23"]
[Round "3"]
[White "Duemmke, Juergen"]
[Black "Juhnke, Juergen"]
[Result "0-1"]
[WhiteElo "2043"]
[BlackElo "2217"]
[PlyCount "94"]
[EventDate "2018.07.21"]
[EventType "swiss"]
[EventRounds "9"]
[EventCountry "GER"]
[SourceTitle "CBM 186 Extra"]
[Source "ChessBase"]
[SourceDate "2018.08.24"]
[SourceVersion "1"]
[SourceVersionDate "2018.08.24"]
[SourceQuality "1"]

1. e4 c5 2. Nf3 d6 3. d4 cxd4 4. Qxd4 Nc6 5. Bb5 Bd7 6. Bxc6 Bxc6 7. Nc3 Nf6 8. Bg5 e6 9. 0-0-0 Be7 10. Rhe1 0-0 11. Kb1 h6 12. Bh4 Qa5 13. Nd2 Rfd8 14. f3 Rd7 15. Nb3 Qc7 16. Qd3 a5 17. Nd4 a4 18. a3 Qa5 19. g4 Nxg4 20. Nxc6 bxc6 21. Bxe7 Nf2 22. Qd2 Nxd1 23. Rxd1 Rxe7 24. Qxd6 Qc7 25. Qc5 Qa7 26. Nxa4 Qc7 27. Nb6 Ra6 28. Nc4 Rd7 29. Rd6 Rxd6 30. Nxd6 Ra5 31. Qc3 Rh5 32. Ne8 Qe5 33. Qxc6 Rxh2 34. Nd6 Qd4 35. Qc7 Qd1+ 36. Ka2 Qxc2 37. Qb8+ Kh7 38. Nxf7 Qc4+ 39. Qb3 Qxb3+ 40. Kxb3 Rf2 41. Ne5 h5 42. a4 h4 43. a5 h3 44. a6 h2 45. a7 h1Q 46. a8Q Qd1+ 47. Ka2 Qd4 0-1

[Event "GER-chA Seniors 29th"]
[Site "Berlin"]
[Date "2017.08.14"]
[Round "7"]
[White "Haubt, Georg"]
[Black "Juhnke, Juergen"]
[Result "1/2-1/2"]
[WhiteElo "2183"]
[BlackElo "2227"]
[PlyCount "139"]
[EventDate "2017.08.07"]
[EventType "swiss"]
[EventRounds "9"]
[EventCountry "GER"]
[SourceTitle "EXT 2019"]
[Source "ChessBase"]
[SourceDate "2018.10.10"]
[SourceVersion "1"]
[SourceVersionDate "2018.10.10"]
[SourceQuality "1"]

1. d4 Nf6 2. Bf4 g6 3. e3 Bg7 4. Nf3 0-0 5. Bd3 d6 6. h3 c5 7. c3 Be6 8. Nbd2 Qb6 9. Qc2 Nc6 10. Nc4 Qd8 11. a4 Nd5 12. Bg3 cxd4 13. exd4 Rc8 14. Qe2 Bh6 15. Ne3 Na5 16. Nxd5 Bxd5 17. Bh4 Re8 18. 0-0 Nb3 19. Rad1 a6 20. Rfe1 Qa5 21. Be4 e6 22. Bg5 Bc4 23. Qe3 Bxg5 24. Nxg5 f6 25. Nf3 d5 26. Bc2 Kg7 27. g4 Qxa4 28. Ra1 Qb5 29. Ra3 e5 30. dxe5 fxe5 31. Nxe5 Nc5 32. b3 Bxb3 33. Rb1 Nd7 34. Raxb3 Rxe5 35. Rxb5 Rxe3 36. Rxb7 Re7 37. Ba4 Rd8 38. Rd1 Kf6 39. Rxd5 Nc5 40. Rb6+ Re6 41. Rxe6+ Nxe6 42. Rxd8 Nxd8 43. f3 Ke5 44. Kf2 Kf4 45. Bc2 Ne6 46. h4 Nc5 47. Ke2 a5 48. Bb1 a4 49. Ba2 h6 50. Bd5 g5 51. hxg5 hxg5 52. Kd2 a3 53. Kc2 Ke3 54. c4 Kd4 55. Kb1 Na4 56. Be6 Nc5 57. Bf7 Nd3 58. Ka2 Ne5 59. Be6 Nxc4 60. Kb3 Nd2+ 61. Kxa3 Nxf3 62. Kb2 Ke5 63. Bc8 Kf4 64. Kc3 Ne5 65. Kd2 Nxg4 66. Ke2 Ne3 67. Bh3 Ng4 68. Bg2 Kg3 69. Bd5 Kf4 70. Be6 1/2-1/2

[Event "GER-chA Seniors 29th"]
[Site "Berlin"]
[Date "2017.08.08"]
[Round "1"]
[White "Hund, Gerhard"]
[Black "Juhnke, Juergen"]
[Result "1/2-1/2"]
[WhiteElo "1989"]
[BlackElo "2227"]
[PlyCount "76"]
[EventDate "2017.08.07"]
[EventType "swiss"]
[EventRounds "9"]
[EventCountry "GER"]
[SourceTitle "EXT 2019"]
[Source "ChessBase"]
[SourceDate "2018.10.10"]
[SourceVersion "1"]
[SourceVersionDate "2018.10.10"]
[SourceQuality "1"]

1. d4 Nf6 2. Nf3 g6 3. g3 Bg7 4. Bg2 0-0 5. 0-0 d6 6. c3 Nc6 7. Bf4 Re8 8. Re1 Bf5 9. Nbd2 e5 10. dxe5 dxe5 11. Bg5 h6 12. Bxf6 Qxf6 13. e4 Bg4 14. h3 Be6 15. Qe2 a6 16. Nf1 Qe7 17. Ne3 Rad8 18. b4 f5 19. Nh4 Qg5 20. Kh2 f4 21. Nd5 Rd7 22. Rad1 Rf7 23. Rd3 Na7 24. Nf3 Qh5 25. gxf4 exf4 26. Qd2 c6 27. Nb6 Qb5 28. Nd7 Bxa2 29. Nc5 b6 30. Qxa2 bxc5 31. Rd7 c4 32. Rxf7 Kxf7 33. e5 c5 34. Bf1 Kf8 35. Bxc4 Qc6 36. Qxa6 Qxf3 37. Qd6+ Re7 38. Qd8+ Re8 1/2-1/2

[Event "Bayern-chI Bank Hofmann 20th"]
[Site "Bad Wiessee"]
[Date "2016.11.04"]
[Round "7"]
[White "Juhnke, Juergen"]
[Black "Pezerovic, Edin"]
[Result "0-1"]
[WhiteElo "2218"]
[BlackElo "2422"]
[PlyCount "38"]
[EventDate "2016.10.29"]
[EventType "swiss"]
[EventRounds "9"]
[EventCountry "GER"]
[SourceTitle "CBM 175 Extra"]
[Source "ChessBase"]
[SourceDate "2016.12.12"]
[SourceVersion "1"]
[SourceVersionDate "2016.12.12"]
[SourceQuality "1"]

1. e4 c6 2. d4 d5 3. Nc3 dxe4 4. Nxe4 Bf5 5. Ng3 Bg6 6. Bc4 e6 7. N1e2 Bd6 8. 0-0 Ne7 9. h4 h6 10. Nf4 Bxf4 11. Bxf4 0-0 12. h5 Bh7 13. Bb3 Nd5 14. Bd2 Qh4 15. c4 Nf6 16. Be3 Ng4 17. Re1 Nd7 18. Qf3 Qh2+ 19. Kf1 Bd3+ 0-1

[Event "Lazy op 12th"]
[Site "Lazy"]
[Date "2016.07.01"]
[Round "6"]
[White "Kosakowski, Jakub"]
[Black "Juhnke, Juergen"]
[Result "1-0"]
[WhiteElo "2122"]
[BlackElo "2219"]
[PlyCount "104"]
[EventDate "2016.06.26"]
[EventType "swiss"]
[EventRounds "9"]
[EventCountry "POL"]
[SourceTitle "CBM 173 Extra"]
[Source "ChessBase"]
[SourceDate "2016.08.29"]
[SourceVersion "1"]
[SourceVersionDate "2016.08.29"]
[SourceQuality "1"]

1. e4 c5 2. Nf3 d6 3. d4 cxd4 4. Nxd4 Nf6 5. Nc3 a6 6. h3 e6 7. g4 d5 8. exd5 Nxd5 9. Nde2 h5 10. g5 Nc6 11. Nxd5 Qxd5 12. Qxd5 exd5 13. Bg2 Bf5 14. c3 0-0-0 15. Be3 Ne5 16. b3 Nd3+ 17. Kf1 Bc5 18. Nd4 Be4 19. Rd1 Rhe8 20. Bxe4 dxe4 21. Ke2 Bd6 22. h4 Nf4+ 23. Bxf4 Bxf4 24. Nf5 Be5 25. Ne3 f6 26. gxf6 gxf6 27. c4 Rd7 28. Nd5 Rf7 29. f4 Bb8 30. Rhg1 f5 31. Rg5 b5 32. Rxh5 bxc4 33. bxc4 e3 34. Rg5 Re4 35. Rg8+ Kb7 36. Rb1+ Ka7 37. Rgxb8 Rg7 38. Nxe3 Rxf4 39. Rf8 Re7 40. Rb3 Rxh4 41. Rxf5 Rxc4 42. Rf7 Rxf7 43. Nxc4 Rh7 44. Kd3 Rh3+ 45. Kd4 Rh5 46. Ne5 a5 47. a4 Ka6 48. Nc4 Rh4+ 49. Kc5 Rh5+ 50. Kc6 Rh6+ 51. Nd6 Rh1 52. Rb6+ Ka7 1-0

[Event "Lazy op 12th"]
[Site "Lazy"]
[Date "2016.06.30"]
[Round "5"]
[White "Juhnke, Juergen"]
[Black "Krainski, Slawomir"]
[Result "1/2-1/2"]
[WhiteElo "2219"]
[BlackElo "2146"]
[PlyCount "30"]
[EventDate "2016.06.26"]
[EventType "swiss"]
[EventRounds "9"]
[EventCountry "POL"]
[SourceTitle "CBM 173 Extra"]
[Source "ChessBase"]
[SourceDate "2016.08.29"]
[SourceVersion "1"]
[SourceVersionDate "2016.08.29"]
[SourceQuality "1"]

1. f4 Nf6 2. Nf3 g6 3. g3 c6 4. Bg2 Qb6 5. e3 Bg7 6. 0-0 0-0 7. Nc3 d6 8. Kh1 Nbd7 9. d3 e5 10. e4 exf4 11. gxf4 Qa5 12. Bd2 Qh5 13. Qe1 Nb6 14. Qh4 Qxh4 15. Nxh4 d5 1/2-1/2

[Event "Berlin Lichtenrade op 11th"]
[Site "Berlin"]
[Date "2015.10.28"]
[Round "5"]
[White "Holinka, Henning"]
[Black "Juhnke, Juergen"]
[Result "0-1"]
[WhiteElo "2009"]
[BlackElo "2185"]
[PlyCount "74"]
[EventDate "2015.10.24"]
[EventType "swiss"]
[EventRounds "9"]
[EventCountry "GER"]
[SourceTitle "CBM 169 Extra"]
[Source "ChessBase"]
[SourceDate "2015.12.18"]
[SourceVersion "1"]
[SourceVersionDate "2015.12.18"]
[SourceQuality "1"]

1. e4 c5 2. Nf3 d6 3. d4 cxd4 4. Nxd4 Nf6 5. Nc3 a6 6. Bg5 e6 7. f4 h6 8. Bh4 Be7 9. Qf3 Qc7 10. 0-0-0 Nbd7 11. Bd3 g5 12. fxg5 Ne5 13. Qe2 Nfg4 14. Nf3 hxg5 15. Bxg5 Bxg5+ 16. Nxg5 Qc5 17. Nh3 Bd7 18. Qd2 0-0-0 19. Rdf1 Ne3 20. Re1 N3g4 21. Nd1 Bc6 22. Ne3 Nxd3+ 23. Qxd3 Ne5 24. Qb3 Bxe4 25. Ng5 Nd3+ 26. Kb1 Qxg5 27. cxd3 Bc6 28. Re2 Kb8 29. h3 Rc8 30. Rf1 Rc7 31. Nc4 Rhc8 32. Qb4 Bxg2 33. Rg1 Rxc4 34. dxc4 Be4+ 35. Rxe4 Qxg1+ 36. Re1 Qd4 37. b3 Rh8 0-1

[Event "Pula op 29th"]
[Site "Pula"]
[Date "2015.06.16"]
[Round "5"]
[White "Juhnke, Juergen"]
[Black "Zaja, Ivan"]
[Result "0-1"]
[WhiteElo "2211"]
[BlackElo "2476"]
[PlyCount "92"]
[EventDate "2015.06.13"]
[EventType "swiss"]
[EventRounds "9"]
[EventCountry "CRO"]
[SourceTitle "CBM 167 Extra"]
[Source "ChessBase"]
[SourceDate "2015.09.14"]
[SourceVersion "1"]
[SourceVersionDate "2015.09.14"]
[SourceQuality "1"]

1. e4 e6 2. d4 d5 3. Nd2 Nf6 4. e5 Nfd7 5. f4 c5 6. c3 Nc6 7. Ndf3 Qb6 8. g3 cxd4 9. cxd4 Bb4+ 10. Kf2 g5 11. fxg5 Ndxe5 12. Nxe5 Nxe5 13. Kg2 Nc6 14. Nf3 Bf8 15. b3 Bd7 16. Bb2 0-0-0 17. Rc1 Kb8 18. a3 Bg7 19. b4 Na5 20. Qd2 Nc4 21. Bxc4 dxc4 22. Qf4+ Ka8 23. Qxf7 Rhg8 24. Rhf1 Bc6 25. Rxc4 Bb5 26. Rfc1 Bxc4 27. Rxc4 Qb5 28. Qc7 Qd5 29. Bc1 Qe4 30. Rc2 Bxd4 31. Qc4 Rgf8 32. Bf4 e5 33. Re2 Qb1 34. Nxe5 Qg1+ 35. Kh3 Qf1+ 36. Rg2 Rxf4 37. gxf4 Qxf4 38. Nf7 Rf8 39. g6 hxg6 40. Rxg6 a6 41. Nh6 Qf3+ 42. Kh4 Bf2+ 43. Kg5 Be3+ 44. Kh4 Rf4+ 45. Qxf4 Bxf4 46. Ng4 Qxa3 0-1

[Event "Oberliga Nord W 1415"]
[Site "Germany"]
[Date "2014.12.07"]
[Round "4.8"]
[White "Giel, Olaf"]
[Black "Juhnke, Juergen"]
[Result "1/2-1/2"]
[WhiteElo "2131"]
[BlackElo "2228"]
[PlyCount "39"]
[EventDate "2014.09.22"]
[EventType "team-tourn"]
[EventRounds "9"]
[EventCountry "GER"]
[SourceTitle "EXT 2016"]
[Source "ChessBase"]
[SourceDate "2015.10.08"]
[SourceVersion "1"]
[SourceVersionDate "2015.10.08"]
[SourceQuality "1"]
[WhiteTeam "Bremer SG"]
[BlackTeam "Lister Turm"]
[WhiteTeamCountry "GER"]
[BlackTeamCountry "GER"]

1. d4 f5 2. Qd3 d5 3. Bg5 Nf6 4. f3 c5 5. dxc5 e5 6. Nc3 d4 7. 0-0-0 Bxc5 8. Qc4 Nbd7 9. Nd5 b5 10. Qb3 a6 11. e3 Nb6 12. Bxf6 gxf6 13. exd4 Bxd4 14. c3 Bxg1 15. Rxg1 Nxd5 16. Qxd5 Qxd5 17. Rxd5 Be6 18. Rd6 Ke7 19. Rb6 Bxa2 20. Bd3 1/2-1/2

[Event "Oberliga Nord W 1314"]
[Site "Germany"]
[Date "2014.03.16"]
[Round "8.6"]
[White "Becker, Stefan"]
[Black "Juhnke, Juergen"]
[Result "1/2-1/2"]
[WhiteElo "2203"]
[BlackElo "2224"]
[PlyCount "82"]
[EventDate "2013.10.13"]
[EventType "team-tourn"]
[EventRounds "9"]
[EventCountry "GER"]
[SourceTitle "EXT 2015"]
[Source "ChessBase"]
[SourceDate "2014.11.20"]
[SourceVersion "1"]
[SourceVersionDate "2014.11.20"]
[SourceQuality "1"]
[WhiteTeam "Lueneburg Turm"]
[BlackTeam "Lister Turm"]
[WhiteTeamCountry "GER"]
[BlackTeamCountry "GER"]

1. e4 c5 2. d4 cxd4 3. c3 e6 4. cxd4 d5 5. e5 Nc6 6. Nf3 Qb6 7. Nc3 Nh6 8. Bd3 Bd7 9. Be3 Qxb2 10. Nb5 Nb4 11. 0-0 Nxd3 12. Nc7+ Kd8 13. Nxa8 Qa3 14. Qb3 Kc8 15. Rfd1 Nxf2 16. Bxf2 Qxb3 17. axb3 Kb8 18. Rdc1 Bc6 19. Nc7 Kxc7 20. Rxa7 Be7 21. Be1 f6 22. Ba5+ Kb8 23. Bb6 Bd8 24. Rca1 Bxb6 25. Ra8+ Kc7 26. Rxh8 fxe5 27. Rd1 exd4 28. Rxh7 Nf5 29. h4 Kd6 30. Kh2 e5 31. g4 Ne3 32. Rg1 e4 33. Nd2 Ba5 34. Nb1 g6 35. h5 gxh5 36. g5 Ng4+ 37. Kg3 Ne5 38. Rh6+ Ke7 39. Rh7+ Ke6 40. Rxh5 Nf3 41. Rf1 Kf5 1/2-1/2

[Event "Oberliga Nord W 1314"]
[Site "Germany"]
[Date "2014.02.23"]
[Round "7.7"]
[White "Giel, Olaf"]
[Black "Juhnke, Juergen"]
[Result "1/2-1/2"]
[WhiteElo "2122"]
[BlackElo "2224"]
[PlyCount "87"]
[EventDate "2013.10.13"]
[EventType "team-tourn"]
[EventRounds "9"]
[EventCountry "GER"]
[SourceTitle "EXT 2015"]
[Source "ChessBase"]
[SourceDate "2014.11.20"]
[SourceVersion "1"]
[SourceVersionDate "2014.11.20"]
[SourceQuality "1"]
[WhiteTeam "Bremer SG"]
[BlackTeam "Lister Turm"]
[WhiteTeamCountry "GER"]
[BlackTeamCountry "GER"]

1. d4 Nf6 2. Nf3 g6 3. Nbd2 c5 4. e3 Bg7 5. c3 Qc7 6. Bd3 d5 7. Ne5 0-0 8. 0-0 b6 9. Qe2 Bb7 10. f4 Nbd7 11. Ndf3 Ne4 12. Nxd7 Qxd7 13. Bd2 f6 14. Be1 Rae8 15. Rd1 Qc7 16. Bxe4 dxe4 17. Nd2 cxd4 18. cxd4 Qc2 19. Bg3 Qxb2 20. Qc4+ e6 21. Qa4 Bd5 22. Nc4 Bxc4 23. Qxc4 Qa3 24. Bf2 f5 25. Rc1 Qd6 26. Qa4 Re7 27. Rc6 Qd5 28. Rfc1 Rd7 29. h3 Rff7 30. Qa6 Bf8 31. Be1 Kg7 32. R1c2 Bd6 33. Kh1 h6 34. g3 g5 35. Kh2 Kh7 36. Qc8 Rg7 37. fxg5 Rd8 38. Qa6 hxg5 39. Qe2 f4 40. Qh5+ Kg8 41. Rc8 Rxc8 42. Rxc8+ Bf8 43. Rxf8+ Kxf8 44. Bb4+ 1/2-1/2